1955 1403 1792 1659 1269 1699 1375 1032 1142 1237 1025 1784 1070 1570 1763 1253 1980 1811 1500 1429 1971 1200 1017 1409 1167 1177 1956 1807 1489 1064 1499 1970 1974 1250 1250 1242 1808 1566 1677 1986 1622 1036 1125 1604 1219 1866 1985 1197 1616 1431 1128 1086 1117 1761 1627 1638 1910 1827 1518 1649 1098 1455 1349 1040 1101 1831 1145 1165 1569 1056 1673 1446 1370 1618 1704 1624 1781 1885 1733 1094 1396 1064 1842 1804 1156 1606 1555 1412 1324 1812 1296 1830 1516 1205 1639 1084 1225 1577 1378 BCNSPRNW ULIB Ver.6.0+V

เปลี่ยนเป็นภาษาไทย

Change to English
 แสดงรายละเอียดบรรณานุกรม
  กลับหน้าหลัก

Brief Record : Get Marc (ISO 2709) : E-mail record : QR code < ปิดหน้าต่าง
LEADER : 00000nam a2200000 a 4500
001    13399114747
003     ULIB
008    090907s2551 th a 000 0 tha d
020    ^a9789740322306
050  4 ^aLB1025.3^bพ721ท
100 0  ^aพิมพันธ์ เดชะคุปต์
245 10 ^aทักษะ 5 C เพื่อการพัฒนาหน่วยการเรียนรู้และการจัดการการเรียนการสอนอิงมาตรฐาน /^cโดยพิมพันธ์ เดชะคุปต์, พเยาว์ ยินดีสุข
250    ^aพิมพ์ครั้งที่ 6 ฉบับปรับปรุง
260    ^aกรุงเทพฯ :^bภาควิชาหลักสูตรการสอนและเทคโนโลยีการศึกษา,^c2551
300    ^a235 หน้า :^bภาพประกอบ,^c21 ซม.
650  4 ^aการสอน
700 0  ^aพเยาว์ ยินดีสุข
710 2  ^aจุฬาลงกรณ์มหาวิทยาลัย. ^bคณะครุศาสตร์.
945    ^p195^l0^i031758
945    ^p195^l0^i031759
945    ^p195^l0^i031760
945    ^p195^l0^i031761
945    ^p195^l0^i031762
945    ^p195^l0^i031763
945    ^p195^l0^i031764
995    ^a เกษร
999 ^a ใช้งานได้ทุกระบบ
รายการนี้ยังไม่มีแท็ก
คุณยังไม่ได้ล็อกอิน คุณสามารถมีกิจกรรมร่วมกับเว็บไซต์ได้ แต่ต้องล็อกอินก่อน ::
  ล็อกอิน

รายการสื่อสารสนเทศ

ลำดับที่ ประเภท เลขเรียก/บาร์โค้ด สถานที่ สถานะ
1. วิทยาศาสตร์การแพทย์ และสุขภาพ
วิทยาศาสตร์การแพทย์ และสุขภาพ
สถานะ=หนังสือเก่า
LB1025.3 พ721ท ฉ.4 
  Barcode: 031761
ห้องสมุดวิทยาเขตสวรรค์ประชารักษ์
►หนังสือทั่วไป
ถูกยืม กำหนดส่งวันที่ 11 กรกฎาคม 2568
  จอง

รายการใกล้เคียง
    ผู้แต่ง [พิมพันธ์ เดชะคุปต์]

    หัวเรื่อง [การสอน]

BibComment


ยังไม่เคยถูกคอมเมนท์

คอมเมนท์ทรัพยากรรายการนี้
  คอมเมนท์: ทักษะ 5 C เพื่อก..


 Copyright 2026. Bcnsprnw @Library